| 000 | 00467nam a22001697a 4500 | ||
|---|---|---|---|
| 003 | GBCCL | ||
| 005 | 20251202141524.0 | ||
| 008 | 180704b ||||| |||| 00| 0 eng d | ||
| 040 | _cgbc | ||
| 082 |
_a225.595 _bMAN 1 |
||
| 245 |
_aNungsi Thoiraba : _bIswargi Asengba Wahei Meeteilon |
||
| 250 | _a4th ed. | ||
| 260 |
_bBibles for the World, _aWheaton: _c1996 |
||
| 300 |
_a370 p.; _bmap., _c19 cm. |
||
| 650 |
_aBible _vNew Testament _xManipuri _912343 |
||
| 942 |
_2ddc _cREF |
||
| 999 |
_c6925 _d6925 |
||